<?xml version="1.0" encoding="UTF-8"?>
<collection xmlns="http://www.loc.gov/MARC21/slim">
 <record>
  <leader>00702nab#a2200301#ar4500</leader>
  <controlfield tag="001">000000721</controlfield>
  <controlfield tag="003">SVKKK</controlfield>
  <controlfield tag="005">00000000000000.0</controlfield>
  <controlfield tag="008">      c        xo     e            sloo </controlfield>
  <datafield tag="FMT" ind1=" " ind2=" "/>
  <datafield tag="038" ind1=" " ind2=" ">
   <subfield code="a">SVKKK</subfield>
  </datafield>
  <datafield tag="040" ind1=" " ind2=" ">
   <subfield code="a">SVKKK</subfield>
   <subfield code="b">slo</subfield>
   <subfield code="e">AACR2</subfield>
  </datafield>
  <datafield tag="041" ind1="0" ind2=" ">
   <subfield code="a">slo</subfield>
  </datafield>
  <datafield tag="044" ind1=" " ind2=" ">
   <subfield code="a">xo</subfield>
   <subfield code="c">SK</subfield>
  </datafield>
  <datafield tag="080" ind1=" " ind2=" ">
   <subfield code="a">551.2</subfield>
   <subfield code="2">1981</subfield>
  </datafield>
  <datafield tag="100" ind1="1" ind2=" ">
   <subfield code="a">Lepka, Karel</subfield>
   <subfield code="4">aut</subfield>
  </datafield>
  <datafield tag="245" ind1="1" ind2="0">
   <subfield code="a">Herliansky gejzír</subfield>
   <subfield code="c">Lepka Karel,</subfield>
  </datafield>
  <datafield tag="300" ind1=" " ind2=" ">
   <subfield code="b">Obr. 1</subfield>
  </datafield>
  <datafield tag="650" ind1="0" ind2="4">
   <subfield code="a">gejzír, Herľany (KS)</subfield>
   <subfield code="x">lokalizácia</subfield>
   <subfield code="x">opisy</subfield>
   <subfield code="x">dejiny</subfield>
  </datafield>
  <datafield tag="773" ind1="0" ind2=" ">
   <subfield code="t">Slovenské kúpele</subfield>
   <subfield code="g">Roč. 27, č. 2(1985), s. 29</subfield>
  </datafield>
  <datafield tag="957" ind1=" " ind2=" ">
   <subfield code="a">Herľany</subfield>
  </datafield>
  <datafield tag="958" ind1=" " ind2=" ">
   <subfield code="a">NA</subfield>
  </datafield>
  <datafield tag="958" ind1=" " ind2=" ">
   <subfield code="a">RE</subfield>
  </datafield>
  <datafield tag="974" ind1=" " ind2=" ">
   <subfield code="d">960314</subfield>
   <subfield code="a">Čr</subfield>
  </datafield>
  <datafield tag="992" ind1=" " ind2=" ">
   <subfield code="a">RBX</subfield>
  </datafield>
  <datafield tag="BAS" ind1=" " ind2=" "/>
  <datafield tag="852" ind1=" " ind2=" ">
   <subfield code="a">SVKKK</subfield>
   <subfield code="b">BIB</subfield>
  </datafield>
  <datafield tag="998" ind1=" " ind2=" ">
   <subfield code="a">GEO</subfield>
  </datafield>
 </record>
</collection>
